[Event "Let's Play Chess!"]
[Site "http://www.queenalice.com/game.php?id=1872198"]
[Date "2026.4.21"]
[Round "-"]
[White "alow_proton"]
[Black "Capixabba789"]
[Result "1-0"]
[WhiteElo "2047"]
[BlackElo "1866"]

1. e4 e5 2. f4 exf4 3. Nf3 d6 4. Bc4 Be7 5. O-O Nf6 6. Nc3 O-O 7. d3 Nc6 8. Bxf4
Bd7 9. a3 a6 10. d4 Bg4 11. Qd3 Re8 12. b4 b5 13. Bb3 h6 14. Nd5 Na7 15. Nxe7+
Qxe7 16. e5 Nh5 17. exd6 cxd6 18. Rae1 Nxf4 19. Rxe7 Nxd3 20. Rxe8+ Rxe8 21.
cxd3 Re2 22. h3 Be6 23. d5 Bd7 24. Rf2 Rxf2 25. Kxf2 Kf8 26. Ke3 Nc8 27. Nd4 Ne7
28. g4 Ng6 29. Kf3 Ne5+ 30. Ke4 g6 31. Bc2 h5 32. Kf4 hxg4 33. hxg4 Nxg4 34. Nc6
Nf6 35. Bb3 Bc8 36. Kg5 Nd7 37. a4 bxa4 38. Bxa4 Nb6 39. Bb3 Nd7 40. Bc4 Nb6 41.
Kf4 Nxc4 42. dxc4 Kg7 43. c5 dxc5 44. bxc5 Kf6 45. Na7 Bb7 46. c6 Bc8 47. Nxc8
a5 48. c7 a4 49. Nb6 a3 50. c8=Q a2 51. Qa8 a1=Q 52. Qxa1+ 1-0

[Event "Let's Play Chess!"]
[Site "http://www.queenalice.com/game.php?id=1872199"]
[Date "2026.4.20"]
[Round "-"]
[White "Capixabba789"]
[Black "Mlintz"]
[Result "1/2-1/2"]
[WhiteElo "1926"]
[BlackElo "1925"]

1. d4 e6 2. c4 c5 3. d5 exd5 4. Qxd5 Nf6 5. Qf3 Nc6 6. e3 d6 7. Nc3 Be6 8. h3 h5
9. Bd3 a6 10. Nge2 Be7 11. Nf4 Ne5 12. Qe2 Nxd3+ 13. Qxd3 Bd7 14. Bd2 Bc6 15.
Nfd5 g6 16. e4 b5 17. Nxe7 Qxe7 18. O-O O-O 19. Nd5 Nxd5 20. cxd5 c4 21. Qd4 Bd7
22. Bc3 f6 23. f4 Kh7 24. f5 g5 25. a3 Be8 26. Rf3 Qa7 27. Qxa7+ Rxa7 28. Raf1
h4 29. Bb4 Rd7 30. Re1 Bf7 31. Rfe3 Re8 32. g4 Kg8 33. Kg2 Kf8 34. Bc3 Kg7 35.
R1e2 Rde7 36. Kf3 Ra8 37. Ba5 Be8 38. b4 cxb3 39. Rxb3 Rc8 40. Ree3 Rc4 41. Rbc3
Kf7 42. Rxc4 bxc4 43. Rc3 Bb5 44. Bb4 Rd7 45. Ke3 Ke7 46. Kd4 Rc7 47. Ba5 Rc8
48. Bb4 Ra8 49. Rc1 Rc8 1/2-1/2

[Event "Escacs 268"]
[Site "http://www.queenalice.com/game.php?id=1872201"]
[Date "2026.4.23"]
[Round "-"]
[White "alterego"]
[Black "Capixabba789"]
[Result "1-0"]
[WhiteElo "1614"]
[BlackElo "1926"]

1. d4 e5 2. dxe5 Bc5 3. g3 d6 4. Nf3 Ne7 5. Bg2 d5 6. O-O O-O 7. a3 Ng6 8. Bg5
Qe8 9. Qxd5 Be7 10. Bxe7 Nxe7 11. Qd4 Nf5 12. Qf4 Nc6 13. Nc3 Be6 14. Rad1 Qc8
15. b4 g6 16. Ne4 Rd8 17. Nfg5 Nce7 18. Rxd8+ Qxd8 19. Nf6+ Kg7 20. Nxe6+ Kh8
21. Nxd8 1-0

[Event "Escacs 269"]
[Site "http://www.queenalice.com/game.php?id=1872202"]
[Date "2026.4.23"]
[Round "-"]
[White "Capixabba789"]
[Black "alterego"]
[Result "1/2-1/2"]
[WhiteElo "1927"]
[BlackElo "1642"]

1. d4 g6 2. e4 Bg7 3. c4 e6 4. Nc3 a6 5. f4 Ne7 6. Nf3 O-O 7. Bd3 b5 8. c5 Nec6
9. O-O Nxd4 10. e5 Nbc6 11. Nxd4 Nxd4 12. b4 Bb7 13. Bb2 Qh4 14. Ne4 Nf5 15. Be2
Ne3 16. Qxd7 Bxe4 17. Bf3 Nxf1 18. Bxe4 Qxf4 19. Bxa8 Nxh2 20. Bc6 f6 21. Qxe6+
Kh8 22. Qh3 Ng4 23. Rf1 Qxb4 24. Qc3 Qxc3 25. Bxc3 fxe5 26. Rxf8+ Bxf8 27. Bb4
Nf6 28. a3 Bh6 29. Bb7 Be3+ 30. Kf1 a5 31. Bxa5 Bxc5 32. Bxc7 e4 33. Be5 Be7 34.
Bxe4 Kg8 35. Bc6 Ng4 36. Bb2 b4 37. axb4 Bxb4 38. Bf3 Ne3+ 39. Ke2 Nc4 40. Bd5+
Kf8 41. Bxc4 h5 42. Kf3 Bd6 43. Bc1 Kg7 1/2-1/2

[Event "Let's Play Chess!"]
[Site "http://www.queenalice.com/game.php?id=1872266"]
[Date "2026.4.22"]
[Round "-"]
[White "alow_proton"]
[Black "Capixabba789"]
[Result "0-1"]
[WhiteElo "2056"]
[BlackElo "1849"]

1. e4 e5 2. f4 exf4 3. Nf3 d6 4. Bc4 Be7 5. O-O Nf6 6. Nc3 Bd7 7. d4 O-O 8. Bxf4
c6 9. a4 Bg4 10. Qd3 Nbd7 11. h3 Bxf3 12. Qxf3 a6 13. a5 c5 14. d5 Ne5 15. Bxe5
dxe5 16. Na4 Qxa5 17. Nc3 Qc7 18. Qf5 b5 19. Ba2 c4 20. Rfc1 Bd6 21. Qf3 b4 22.
Na4 a5 23. Qe2 Nd7 24. Qxc4 Qxc4 25. Bxc4 Nc5 26. Nxc5 Bxc5+ 27. Kh2 Kh8 28. Rf1
f6 29. g4 Bd4 30. Ra2 h6 31. Kg2 Rfc8 32. Bb3 Rd8 33. Kf3 Rd6 34. Ke2 Kg8 35.
Rc1 Kf8 36. c4 bxc3 37. bxc3 Bc5 38. Ba4 Rb6 39. c4 Rb4 40. Rd1 Rxc4 41. Rd3
Rxe4+ 42. Kd2 Rd4 43. Rxd4 Bxd4 44. Bc6 Bc5 45. Rc2 Rb8 46. Rc3 Bb4 47. Kd3 Bxc3
48. Kxc3 Ke7 49. Kc4 Kd6 0-1

[Event "Let's Play Chess!"]
[Site "http://www.queenalice.com/game.php?id=1872275"]
[Date "2026.4.22"]
[Round "-"]
[White "Capixabba789"]
[Black "Mlintz"]
[Result "0-1"]
[WhiteElo "1886"]
[BlackElo "1869"]

1. d4 e6 2. e4 d5 3. e5 c5 4. c3 Qb6 5. f4 Ne7 6. Nf3 Ng6 7. Be2 Be7 8. O-O Nc6
9. Kh1 cxd4 10. Nxd4 O-O 11. a4 a6 12. Na3 Na5 13. b4 Nc6 14. a5 Qc7 15. Be3 Re8
16. Nac2 Bd7 17. Ne1 f6 18. Nd3 fxe5 19. Nxc6 Bxc6 20. f5 exf5 21. Rxf5 Bd6 22.
Nc5 e4 23. Rh5 Rf8 24. Ne6 Qf7 25. Nxf8 Rxf8 26. Qf1 Qe8 27. Qe1 Be5 28. Bd4
Bxd4 29. cxd4 Rf4 30. Rd1 Qf7 31. Qg3 Bb5 32. Bxb5 axb5 33. h3 h6 34. Rxd5 Kh7
35. Rc5 Nh4 36. Rcc1 Qa2 37. Ra1 Qe2 38. Re1 Qb2 39. Rab1 Qd2 40. d5 Nf5 41. Qb3
e3 42. Rbd1 Ng3+ 43. Kh2 Qf2 44. Qd3+ Kh8 45. Qxb5 e2 46. Qe8+ Kh7 47. Rxe2 Nxe2
48. Qh5 Qg3+ 49. Kh1 Rf2 50. Rg1 Nxg1 0-1

[Event "AUTO-MASTER-3303"]
[Site "http://www.queenalice.com/game.php?id=1872360"]
[Date "2026.4.23"]
[Round "1"]
[White "Capixabba789"]
[Black "cerenzo72"]
[Result "0-1"]
[WhiteElo "1892"]
[BlackElo "2199"]

1. d4 Nf6 2. c4 g6 3. Nc3 Bg7 4. e4 d6 5. f4 c5 6. d5 O-O 7. Nf3 a6 8. Bd3 e6 9.
O-O exd5 10. Nxd5 Nc6 11. Bd2 Nxd5 12. cxd5 Nd4 13. Bc3 Bg4 14. Qe1 Nxf3+ 15.
gxf3 Bh3 16. Bxg7 Kxg7 17. Rf2 b5 18. Bf1 Bd7 19. Bg2 h5 20. Kh1 Qf6 21. b3 Qxf4
22. Qc3+ f6 23. Re1 Rae8 24. Qe3 Qxe3 25. Rxe3 f5 26. Rfe2 fxe4 27. fxe4 c4 28.
bxc4 bxc4 29. e5 dxe5 30. Be4 Bf5 31. Rc3 Rd8 32. Rxc4 Bxe4+ 33. Rcxe4 Rxd5 34.
Rxe5 Rxe5 35. Rxe5 Rf5 36. Re2 a5 37. h3 a4 38. Kh2 g5 39. Kg2 Kf6 40. Rc2 Ra5
41. a3 Kf5 42. Rc3 g4 43. hxg4+ Kxg4 44. Rg3+ Kf4 45. Rf3+ Ke4 46. Rh3 Kd4 47.
Rh4+ Kc3 48. Rh3+ Kb2 49. Rf3 Rg5+ 50. Kh3 Rg4 51. Re3 Rc4 52. Rf3 Rc3 0-1

[Event "AUTO-ADV-4932"]
[Site "http://www.queenalice.com/game.php?id=1872369"]
[Date "2026.4.24"]
[Round "1"]
[White "EdsonEstevam"]
[Black "Capixabba789"]
[Result "0-1"]
[WhiteElo "1763"]
[BlackElo "1890"]

1. e4 e5 2. Nf3 d6 3. Nc3 Nf6 4. d3 Be7 5. Be2 c5 6. O-O Nc6 7. h3 Be6 8. Re1
O-O 9. Bg5 Re8 10. a3 Nh5 11. Bxe7 Qxe7 12. Qc1 Nf4 13. b4 Nd4 14. Nxd4 cxd4 15.
Nd1 Qg5 16. Bf3 Nxh3+ 17. Kf1 Qxc1 18. Rxc1 Nf4 19. g3 Ng6 20. Bh5 b6 21. c3
Rac8 22. Bxg6 hxg6 23. a4 Bb3 24. Nb2 Rxc3 25. Rb1 Bc2 26. Ra1 Bxd3+ 27. Kg1 Ba6
28. b5 Bb7 29. Kg2 Rec8 30. Red1 Bxe4+ 31. Kg1 Bf3 32. Rd2 Rc2 33. Rxc2 Rxc2 34.
Nd3 Rd2 35. Nb4 e4 36. Rc1 d3 37. Nc6 Rc2 38. Rxc2 dxc2 39. g4 c1=Q+ 40. Kh2
Qh1+ 41. Kg3 Qg2+ 42. Kf4 Qxg4+ 43. Ke3 Qd7 44. Kd2 e3+ 45. Kxe3 Bxc6 46. bxc6
Qxc6 47. f4 Qxa4 48. f5 gxf5 49. Kf3 Qe4+ 50. Kf2 b5 51. Kf1 b4 52. Kf2 b3 0-1

[Event "AUTO-OPEN-4649"]
[Site "http://www.queenalice.com/game.php?id=1872495"]
[Date "2026.4.25"]
[Round "1"]
[White "Capixabba789"]
[Black "EdsonEstevam"]
[Result "1-0"]
[WhiteElo "1901"]
[BlackElo "1752"]

1. d4 d5 2. Nc3 Nf6 3. f4 Bf5 4. Nf3 e6 5. e3 Bb4 6. Bd2 O-O 7. Be2 Re8 8. O-O
h6 9. Ne5 Bxc3 10. Bxc3 Ne4 11. Bd2 Qh4 12. Nf3 Qh5 13. Be1 Nd7 14. Ne5 Qxe2 15.
Qxe2 Ndf6 16. c3 Red8 17. a3 Bg4 18. Qc2 c6 19. Nxg4 Nxg4 20. h3 Ngf6 21. Bh4
Re8 22. f5 Nh5 23. c4 exf5 24. Rxf5 g6 25. Rf3 Rac8 26. c5 Re6 27. Raf1 Rc7 28.
b4 g5 29. Be1 f6 30. a4 Rf7 31. b5 f5 32. Rxf5 Nhf6 33. b6 a6 34. a5 Kg7 35. h4
g4 36. Re5 Rfe7 37. Rxe6 Rxe6 38. Rf5 g3 39. Re5 Kf7 40. Rxe6 Kxe6 41. Qe2 Kf5
42. Qf3+ Kg6 43. Qf4 Nh5 44. Qc7 Kf5 45. Qxb7 Kg4 46. Qxc6 Kxh4 47. Qxh6 Kg4 48.
b7 1-0

[Event "Escacs 272"]
[Site "http://www.queenalice.com/game.php?id=1872575"]
[Date "2026.4.28"]
[Round "-"]
[White "alterego"]
[Black "Capixabba789"]
[Result "0-1"]
[WhiteElo "1709"]
[BlackElo "1881"]

1. d4 d5 2. c4 dxc4 3. Nc3 Nf6 4. g3 Bd7 5. Bg2 c6 6. Nf3 e6 7. O-O Be7 8. Ne5
O-O 9. Nxd7 Nbxd7 10. b3 cxb3 11. Qxb3 Qc8 12. Bb2 Nb6 13. e4 Rd8 14. Nb5 cxb5
15. Qxb5 Qd7 16. Qe5 Nc4 17. Qf4 Nxb2 18. e5 Nd5 19. Qe4 Nc4 20. Rac1 Nd2 21.
Qe2 Nxf1 22. Qxf1 b6 23. f4 Ne3 0-1

[Event "AUTO-ADV-4933"]
[Site "http://www.queenalice.com/game.php?id=1872613"]
[Date "2026.4.29"]
[Round "1"]
[White "Capixabba789"]
[Black "zubarev"]
[Result "0-1"]
[WhiteElo "1882"]
[BlackElo "1958"]

1. d4 d5 2. Nc3 Nf6 3. f4 e6 4. Nf3 Bd6 5. e3 Nbd7 6. Bd3 O-O 7. O-O c5 8. Ne5
c4 9. Be2 Qb6 10. Bf3 Ne8 11. a3 Bxe5 12. fxe5 Nc7 13. Ne2 f6 14. exf6 Nxf6 15.
c3 Ne4 16. Nf4 Bd7 17. Qe1 Ne8 18. Qh4 g5 19. Qg4 e5 20. Bxe4 Bxg4 21. Bxd5+ Kh8
0-1